Formel 1: Alle Fahrer für FERRARI - Statistiken

Allgemein
  • Dieses Quiz wurde 472 mal gespielt
    248 seit der letzten Aktualisierung
  • Das Durchschnittsergebnis liegt bei 29 aus 66
Antwortstatistiken
Saison Starts Fahrer % Korrekt
2019 - 150 🇲🇨 Charles Leclerc
94%
1996 - 2006 180 🇩🇪***** Michael Schumacher
94%
2015 - 2020 118 🇩🇪 Sebastian Vettel
94%
2021 - 2024 88 🇪🇸 Carlos Sainz
93%
2025 - 24 🇬🇧 Lewis Hamilton
92%
2010 - 2013 96 🇪🇸 Fernando Alonso
90%
2007 - 20092014 - 2018 151 🇫🇮* Kimi Räikkönen
89%
1974 - 1977 57 🇦🇹** Niki Lauda
87%
2006 - 2014 139 🇧🇷 Felipe Massa
84%
1990 - 1991 30 🇫🇷 Alain Prost
80%
2000 - 2005 102 🇧🇷 Rubens Barrichello
79%
1956 7 🇦🇷* Juan Manuel Fangio
73%
1950 - 1953 27 🇮🇹** Alberto Ascari
70%
1987 - 19891993 - 1995 95 🇦🇹 Gerhard Berger
66%
2024 1 🇬🇧 Oliver Bearman
64%
1977 - 1982• 66 🇨🇦 Gilles Villeneuve
62%
1958 - 1962 30 🇺🇸* Phil Hill
62%
1989 - 1990 31 🇬🇧 Nigel Mansell
61%
1952 - 1955 20 🇮🇹 Giuseppe Farina
60%
1996 - 1999 65 🇮🇪 Eddie Irvine
58%
1979 - 1980 28 🇿🇦* Jody Scheckter
56%
1971, 1972, 1982 12 🇺🇸 Mario Andretti
55%
2009 5 🇮🇹 Giancarlo Fisichella
54%
1991 - 1995 79 🇫🇷 Jean Alesi
54%
1970 - 1976 73 🇨🇭 Clay Regazzoni
53%
1968 - 1973 55 🇧🇪 Jacky Ickx
51%
1957 - 1958 35 🇬🇧* Mike Hawthorn
48%
1976 - 1978 34 🇦🇷 Carlos Reutemann
47%
1957 - 19581960 - 1961• 25 🇩🇪 Wolfgang Graf Berghe von Trips
45%
2009 2 🇮🇹 Luca Badoer
44%
1963 - 1966 30 🇬🇧* John Surtees
42%
1998 6 🇫🇮 Mika Salo
40%
1983 - 1985 32 🇫🇷 Rene Arnoux
37%
1984 - 1988 80 🇮🇹 Michele Alboreto
36%
1964, 1965, 1969 5 🇲🇽 Pedro Rodriguez
34%
1961, 1962 5 🇲🇽 Ricardo Rodriguez
34%
1981 - 1982 25 🇫🇷 Didier Pironi
31%
1951, 1954, 1957 15 🇦🇷 José Froilán González
28%
1962 - 1966• 35 🇮🇹 Lorenzo Bandini
26%
1982 - 1983 21 🇫🇷 Patrick Tambay
25%
1956 - 1958• 20 🇬🇧 Peter Collins
25%
1985 - 1986 31 🇸🇪 Stefan Johansson
25%
1956 - 1958• 15 🇮🇹 Luigi Musso
24%
1959 7 🇬🇧 Tony Brooks
24%
1967 - 1969 27 🇳🇿 Chris Amon
23%
1992, 1994 4 🇮🇹 Nicola Larini
22%
1962 8 🇮🇹 Giancarlo Baghetti
21%
1954, 1955, 1957 17 🇫🇷 Maurice Trintignant
21%
1951, 1952, 1954 13 🇮🇹 Piero Taruffi
21%
1960 - 1961 10 🇺🇸 Richie Ginther
21%
1959 4 🇺🇸 Dan Gurney
20%
1963 - 1967 6 🇮🇹 Ludovico Scarfiotti
20%
1950 - 1953 20 🇮🇹 Luigi Villoresi
19%
1968 1 🇮🇹 Andrea de Adamich
18%
1992 14 🇮🇹 Ivan Capelli
18%
1968 2 🇬🇧 Derek Bell
16%
1955 - 1957• 11 🇮🇹 Eugenio Castellotti
16%
1967 1 🇬🇧 Jonathan Williams
15%
1973 9 🇮🇹 Arturo Merzario
13%
1991 1 🇮🇹 Gianni Morbidelli
13%
1966, 1967 6 🇬🇧 Mike Parkes
13%
1960 - 1963 10 🇧🇪 Willi Mairesse
13%
1959, 1960 6 🇬🇧 Cliff Allison
12%
1972 1 🇮🇹 Nanni Galli
12%
1970 4 🇮🇹 Ignazio Giunti
10%
1965 1 🇮🇹 Nino Vaccarella
10%
Keine übereinstimmenden Quizze gefunden
Verteilung der Resultate
Anzahl Personen mit jedem Resultat
Perzentil nach korrekt beantworteten Fragen
Ihre Resultats-Entwicklung
Sie haben dieses Quiz seit der letzten Aktualisierung nicht gespielt